000 00597nam a2200169 4500
001 148031
003 ES-MaACL
005 20230906202406.0
007 t|
008 070214s1966 sp r ||||1| spa d
100 1 _aStiefel, Eduard.
_9108206
245 1 0 _aIntroducción a la Matemática numérica /
_cEduard Stiefel ; traducción de la tercera edición alemana ampliada por el Dr. Miguel Jerez Juan.
260 _aBarcelona [etc.] :
_bLabor,
_c1966 (
_fTall. Iberoamericanos)
300 _aXV, 308 p. ;
_c23 cm.
700 1 _aJerez Juan, Miguel.
_966335
852 _aES-MaACL
_jC-31073
_bR.61478
999 _c148031
_d148031